[Event "Santa Cruz Potiguar-ch"]
[Site "Santa Cruz"]
[Date "2016.12.18"]
[Round "4"]
[White "De Miranda Neto, Joao Basilio"]
[Black "Goncalves, Alice da Silva"]
[Result "0-1"]
[WhiteElo "1523"]
[BlackElo "1731"]
[PlyCount "118"]
[EventDate "2016.12.17"]
[EventType "swiss"]
[EventRounds "5"]
[EventCountry "BRA"]
[SourceTitle "CBM 176 Extra"]
[Source "ChessBase"]
[SourceDate "2017.03.02"]
[SourceVersion "1"]
[SourceVersionDate "2017.03.02"]
[SourceQuality "1"]

1. e4 g6 2. Nf3 Bg7 3. d4 d6 4. Nc3 Nf6 5. Bg5 0-0 6. e5 dxe5 7. dxe5 Qxd1+ 8. Rxd1 Nfd7 9. e6 Bxc3+ 10. bxc3 Nf6 11. exf7+ Rxf7 12. Bc4 e6 13. Ne5 Rf8 14. Bxf6 Rxf6 15. Ng4 Rf4 16. Rd4 Rxd4 17. cxd4 Nc6 18. d5 exd5 19. Bxd5+ Kg7 20. Ne3 Nb4 21. Bb3 b5 22. 0-0 c5 23. Nd5 Nxd5 24. Bxd5 Rb8 25. Re1 Kf6 26. c3 Rb6 27. Rb1 Be6 28. Rd1 Rd6 29. Bb3 Rxd1+ 30. Bxd1 Bxa2 31. Kf1 Ke5 32. Ke2 Kd5 33. Kd3 c4+ 34. Ke3 Bb3 35. Bf3+ Ke5 36. Bb7 a5 37. f4+ Kf6 38. Ba6 a4 39. Kd2 a3 40. Kc1 a2 41. Kb2 Kf5 42. Bxb5 Kxf4 43. Bc6 h6 44. Bf3 g5 45. h3 Ke3 46. Bh5 Kd2 47. Bg6 a1Q+ 48. Kxa1 Kxc3 49. Kb1 Kd2 50. g3 c3 51. h4 c2+ 52. Bxc2 Bxc2+ 53. Ka2 Bf5 54. hxg5 hxg5 55. Kb3 Ke3 56. Kc3 Kf3 57. g4 Bxg4 58. Kd2 Kf2 59. Kd3 Bf3 0-1

[Event "Santa Cruz Potiguar-ch"]
[Site "Santa Cruz"]
[Date "2016.12.17"]
[Round "3"]
[White "Bezerra Lucena, Jose Silvio"]
[Black "De Miranda Neto, Joao Basilio"]
[Result "1-0"]
[WhiteElo "1800"]
[BlackElo "1523"]
[PlyCount "73"]
[EventDate "2016.12.17"]
[EventType "swiss"]
[EventRounds "5"]
[EventCountry "BRA"]
[SourceTitle "CBM 176 Extra"]
[Source "ChessBase"]
[SourceDate "2017.03.02"]
[SourceVersion "1"]
[SourceVersionDate "2017.03.02"]
[SourceQuality "1"]

1. b3 d6 2. d4 Nf6 3. Bb2 g6 4. h3 Bg7 5. e3 0-0 6. Bd3 c5 7. Nf3 Nc6 8. Nbd2 Nb4 9. a3 Nxd3+ 10. cxd3 Nd5 11. Qe2 Bf5 12. 0-0 cxd4 13. Bxd4 Bxd4 14. Nxd4 Nc3 15. Qf3 Bxd3 16. Rfe1 Ba6 17. e4 Nb5 18. Nxb5 Bxb5 19. Qg3 Bc6 20. Nf3 f6 21. h4 Rf7 22. b4 Rc8 23. Nd4 Bd7 24. h5 Rg7 25. h6 Rf7 26. Nf5 Bxf5 27. exf5 g5 28. Re6 Qd7 29. Rae1 Rc4 30. Qb3 Rf4 31. Rxe7 d5 32. Rxd7 Rxd7 33. Qd3 Rc4 34. g3 b5 35. Qf3 d4 36. Qa8+ Kf7 37. Qe8# 1-0